000 02328nam0a2200421 i 4500
001 RU\NLR\bibl\1967227
005 20260406125615.0
010 _a9785890167507
_9500
021 _aRU
_b2012-80897
_96000
035 _a(nilc)RSL-KNO-005516238
035 _a(NLR Aleph) 001956129
090 _a3761906
_c3761906
100 _a20121029d2011 u y0rusy50 ca
101 0 _arus
_deng
102 _aRU
105 _ay zzzz|||||
200 1 _aПариж в художественном сознании Эмиля Золя
_dParis in the artistic consciousness of Emile Zola
_eпроблема городского текста
_eмонография
_fН.Л. Потанина, М.А. Гололобов
_gМ-во образования и науки Рос. Федерации, Федер. гос. бюджет. образоват. учреждение высш. проф. образования "Тамбов. гос. ун-т им. Г.Р. Державина"
_zeng
210 _aТамбов
_cИзд-во ТГУ
_d2011
215 _a155 с.
_d21
300 _aАвт. также на англ. яз.: N.L. Potanina, M.A. Gololobov
300 _aРез. на англ. яз.
320 _aБиблиогр.: с. 138-155 и в подстроч. примеч.
320 _aБиблиогр.: с. 138-155 (291 назв.)
510 0 _6z45790
_aParis in the artistic consciousness of Emile Zola
_zeng
600 1 _aЗоля
_bЭ.
_f1840 - 1902
_gЭмиль
_xТематика произведений
_91148667
_3RU\NLR\auth\66458195
686 _aШ5(4Фр)53-4Золя Э.54,0
_2rubbk
686 _aШ5(4Фр)53-4Золя54
700 1 _4070
_8rus
_7ca
_aПотанина
_bН. Л.
_gНаталия Леонидовна
_3RU\NLR\auth\77117632
_9100557
701 1 _4070
_8rus
_7ca
_aГололобов
_bМ. А.
_gМихаил Александрович
_3RU\NLR\auth\77117635
_9100560
702 1 _4570
_8rus
_7ca
_aЗоля
_bЭ.
_f1840-1902
_gЭмиль
_3RU\NLR\auth\771440
_9111465
790 1 _4070
_8rus
_7ba
_aPotanina
_bN. L.
_gNatalija Leonidovna
_3RU\NLR\auth\77117634
_9100559
790 1 _4070
_8rus
_7ba
_aGololobov
_bM. A.
_gMichail Aleksandrovič
_3RU\NLR\auth\77117636
_9100561
801 0 _aRU
_bRuMoRKP
_c20121029
_grcr
801 1 _aRU
_bРГБ
_c20121029
801 2 _aRU
_bNLR
_c20121115
_grcr
942 _cBOOK
980 _aNBR